Infinite thought : (Record no. 48200)
[ view plain ]
| 000 -LEADER | |
|---|---|
| fixed length control field | 01086cam a22003254a 4500 |
| 001 - CONTROL NUMBER | |
| control field | 13453519 |
| 003 - CONTROL NUMBER IDENTIFIER | |
| control field | Nust |
| 005 - DATE AND TIME OF LATEST TRANSACTION | |
| control field | 20180711044307.0 |
| 008 - FIXED-LENGTH DATA ELEMENTS--GENERAL INFORMATION | |
| fixed length control field | 040109s2003 enka b 001 0 eng c |
| 010 ## - LIBRARY OF CONGRESS CONTROL NUMBER | |
| LC control number | 2004296006 |
| 020 ## - INTERNATIONAL STANDARD BOOK NUMBER | |
| International Standard Book Number | 08264679294 (pbk) |
| Terms of availability | Rs. 230 |
| 035 ## - SYSTEM CONTROL NUMBER | |
| System control number | (OCoLC)ocm51569478 |
| 038 ## - RECORD CONTENT LICENSOR | |
| Staff Name | Arshad |
| 040 ## - CATALOGING SOURCE | |
| Original cataloging agency | UKM |
| Transcribing agency | UKM |
| Modifying agency | PIT |
| -- | C#P |
| -- | DLC |
| 041 1# - LANGUAGE CODE | |
| Language code of text/sound track or separate title | eng |
| Language code of original | fre |
| 042 ## - AUTHENTICATION CODE | |
| Authentication code | pcc |
| 050 00 - LIBRARY OF CONGRESS CALL NUMBER | |
| Classification number | B2430.B273 |
| Item number | I64 2003 |
| 082 00 - DEWEY DECIMAL CLASSIFICATION NUMBER | |
| Classification number | 194 |
| Author Mark | BAD |
| 100 1# - MAIN ENTRY--PERSONAL NAME | |
| Personal name | Badiou, Alain. |
| 9 (RLIN) | 10327 |
| 245 10 - TITLE STATEMENT | |
| Title | Infinite thought : |
| Remainder of title | truth and the return to philosophy / |
| Statement of responsibility, etc. | Alain Badiou ; translated and edited by Oliver Feltham and Justin Clemens. |
| 260 ## - PUBLICATION, DISTRIBUTION, ETC. | |
| Place of publication, distribution, etc. | London ; |
| -- | New York : |
| Name of publisher, distributor, etc. | Continuum, |
| Date of publication, distribution, etc. | 2003 |
| 300 ## - PHYSICAL DESCRIPTION | |
| Extent | v, 147 p. : |
| Other physical details | ill. ; |
| Dimensions | 20 cm. |
| 504 ## - BIBLIOGRAPHY, ETC. NOTE | |
| Bibliography, etc. note | Includes bibliographical references and index. |
| 600 10 - SUBJECT ADDED ENTRY--PERSONAL NAME | |
| Personal name | Badiou, Alain. |
| 9 (RLIN) | 10327 |
| 700 1# - ADDED ENTRY--PERSONAL NAME | |
| Personal name | Clemens, Justin. |
| 9 (RLIN) | 10328 |
| 700 1# - ADDED ENTRY--PERSONAL NAME | |
| Personal name | Feltham, Oliver. |
| 9 (RLIN) | 10329 |
| 906 ## - LOCAL DATA ELEMENT F, LDF (RLIN) | |
| a | 7 |
| b | cbc |
| c | pccadap |
| d | 2 |
| e | ncip |
| f | 20 |
| g | y-gencatlg |
| 942 ## - ADDED ENTRY ELEMENTS (KOHA) | |
| Source of classification or shelving scheme | |
| Koha item type | Book |
| Withdrawn status | Lost status | Source of classification or shelving scheme | Damaged status | Not for loan | Collection code | Permanent Location | Current Location | Shelving location | Date acquired | Total Checkouts | Total Renewals | Full call number | Barcode | Date last seen | Date last checked out | Copy number | Price effective from | Koha item type |
|---|---|---|---|---|---|---|---|---|---|---|---|---|---|---|---|---|---|---|
| Central Library (CL) | Central Library (CL) | Book Cart | 01/12/2017 | 2 | 1 | 194 BAD | CL890 | 03/25/2026 | 01/19/2026 | 1 | 01/12/2017 | Book |
